000 00569nam a2200193Ia 4500
003 GCL
008 140319s9999 xx 000 0 ara d
040 _aGCL /
_cGCL
082 0 4 _a811.9
_bع ع
100 1 _aعمر غراب
245 1 0 _aعصر النغم الاخضر /
_cعمر غراب
260 _a[S.N] :
_bمركز الحضارة العربية للاعلام والنشر ،
_c1991
300 _a111 ص
490 _a
650 0 4 _aالشعر العربى
650 0 4 _aالادب العربى
650 0 4 _aدواوين وقصائد
942 _2ddc
_cBK
999 _c36686
_d36686